000
00243nam a2200097Ia 4500
001
719824
005
20250826163220.0
008
250824s9999 xx 000 0 und d
245
0
_a
BİR YUMAK MUTLULUK
_c
DEBBIE MACOMBER
260
_b
MARTI YAYINLARI
999
_c
719824
_d
719824